[Event "Titled Tuesday intern op 31st Oct Early"]
[Site "Chess.com INT"]
[Date "2023.10.31"]
[Round "4"]
[White "Kuzhilniy, Oleksandr"]
[Black "Kheerthi, Ganta"]
[Result "1-0"]
[WhiteElo "2248"]
[BlackElo "2030"]
[PlyCount "87"]
[EventDate "2023.10.31"]
[EventType "swiss (blitz)"]
[EventRounds "11"]
[EventCountry "USA"]
[SourceTitle "EXT 2025"]
[Source "ChessBase"]
[SourceDate "2024.10.14"]
[SourceVersion "1"]
[SourceVersionDate "2024.10.14"]
[SourceQuality "1"]

1. b3 d5 2. Bb2 Nf6 3. Nf3 c6 4. g3 Bg4 5. Bg2 Nbd7 6. d3 e6 7. 0-0 Bd6 8. e4 dxe4 9. dxe4 Qe7 10. h3 Bxf3 11. Qxf3 0-0 12. Rd1 Rfd8 13. a4 Be5 14. Nc3 Rac8 15. Qe3 c5 16. Rd2 Bd4 17. Qe2 Ne5 18. Nd1 Nc6 19. c3 Be5 20. Rxd8+ Rxd8 21. Ne3 Na5 22. f4 Bc7 23. e5 Nd5 24. Nxd5 exd5 25. Qc2 c4 26. b4 Nb3 27. Rd1 d4 28. cxd4 Qxb4 29. d5 Bb6+ 30. Kh2 Qxa4 31. e6 fxe6 32. dxe6 Rxd1 33. Qxd1 Qe8 34. Qd5 Kh8 35. Qxc4 Nc5 36. f5 Qe7 37. Bd5 h6 38. Qf4 Kh7 39. f6 gxf6 40. Bxf6 Qe8 41. Qf5+ Qg6 42. Qxg6+ Kxg6 43. e7 Kxf6 44. e8Q 1-0

[Event "Titled Tuesday intern op 31st Oct Early"]
[Site "Chess.com INT"]
[Date "2023.10.31"]
[Round "7"]
[White "Laddha, Shubh Jayesh"]
[Black "Kheerthi, Ganta"]
[Result "1/2-1/2"]
[WhiteElo "2373"]
[BlackElo "2030"]
[PlyCount "79"]
[EventDate "2023.10.31"]
[EventType "swiss (blitz)"]
[EventRounds "11"]
[EventCountry "USA"]
[SourceTitle "EXT 2025"]
[Source "ChessBase"]
[SourceDate "2024.10.14"]
[SourceVersion "1"]
[SourceVersionDate "2024.10.14"]
[SourceQuality "1"]

1. e4 c6 2. d4 d5 3. e5 Bf5 4. h4 h5 5. Bd3 Bxd3 6. Qxd3 Qa5+ 7. Nd2 e6 8. Ngf3 c5 9. 0-0 Nc6 10. dxc5 Qxc5 11. Nb3 Qb6 12. c4 Nge7 13. Bg5 Qa6 14. Rfc1 dxc4 15. Qxc4 Qxc4 16. Rxc4 Nd5 17. Nbd4 Nxd4 18. Nxd4 Be7 19. Rac1 Kd7 20. Bxe7 Kxe7 21. Nb5 Kd7 22. Nc7 Rac8 23. Nxd5 Rxc4 24. Nb6+ axb6 25. Rxc4 Ra8 26. a3 Ra5 27. f4 Rd5 28. Rc2 Rd4 29. g3 Rd3 30. Kf2 b5 31. Kg2 g6 32. Kf2 b6 33. Kg2 Rd4 34. Kf3 Rd3+ 35. Kf2 Kd8 36. Kg2 Kd7 37. Kh2 Kd8 38. Kg2 Kd7 39. Kf2 Kd8 40. Kg2 1/2-1/2

[Event "Titled Tuesday intern op 10th Oct Early"]
[Site "Chess.com INT"]
[Date "2023.10.10"]
[Round "1"]
[White "Kheerthi, Ganta"]
[Black "Maltsevskaya, Aleksandra"]
[Result "1/2-1/2"]
[WhiteElo "2030"]
[BlackElo "2389"]
[PlyCount "125"]
[EventDate "2023.10.10"]
[EventType "swiss (blitz)"]
[EventRounds "11"]
[EventCountry "USA"]
[SourceTitle "EXT 2025"]
[Source "ChessBase"]
[SourceDate "2024.10.14"]
[SourceVersion "1"]
[SourceVersionDate "2024.10.14"]
[SourceQuality "1"]

1. d4 Nf6 2. c4 g6 3. Nc3 Bg7 4. e4 d6 5. Be2 0-0 6. Nf3 e5 7. dxe5 dxe5 8. Qxd8 Rxd8 9. Bg5 c6 10. Nxe5 Re8 11. 0-0-0 h6 12. Bf4 Na6 13. Rhe1 Nxe4 14. Nxe4 Bxe5 15. Bxe5 Rxe5 16. Rd8+ Kg7 17. Nd6 Nc5 18. Nxc8 Rg5 19. Bf3 Ne6 20. Re8 Nc7 21. Nd6 Nxe8 22. Nxe8+ Kf8 23. Nf6 Kg7 24. Ne4 Re5 25. Rd1 Re7 26. c5 Rae8 27. Nd6 Rb8 28. b4 a5 29. a3 h5 30. Nc4 axb4 31. axb4 Ra8 32. Kb2 h4 33. h3 f5 34. Nd6 Kf6 35. b5 cxb5 36. Bxb7 Ra4 37. c6 g5 38. Kb3 g4 39. Nxb5 Ra5 40. Kb4 Ra2 41. c7 Rb2+ 42. Ka5 Rxb5+ 43. Kxb5 Rxc7 44. Kb6 Rc2 45. hxg4 fxg4 46. Rf1 Kg5 47. Be4 Re2 48. Bd3 Rd2 49. Bc4 g3 50. f4+ Kf6 51. Rh1 Rd4 52. Kc5 Rxf4 53. Bd5 Ke5 54. Re1+ Kf5 55. Kd6 h3 56. gxh3 Rf2 57. Rg1 Kf4 58. h4 Kg4 59. Rh1 Rh2 60. Rxh2 gxh2 61. Ke5 Kxh4 62. Kf4 h1Q 63. Bxh1 1/2-1/2

[Event "Titled Tuesday intern op 10th Oct Early"]
[Site "Chess.com INT"]
[Date "2023.10.10"]
[Round "11"]
[White "Kheerthi, Ganta"]
[Black "Tikhonov, Viacheslav"]
[Result "1-0"]
[WhiteElo "2030"]
[BlackElo "2177"]
[PlyCount "87"]
[EventDate "2023.10.10"]
[EventType "swiss (blitz)"]
[EventRounds "11"]
[EventCountry "USA"]
[SourceTitle "EXT 2025"]
[Source "ChessBase"]
[SourceDate "2024.10.14"]
[SourceVersion "1"]
[SourceVersionDate "2024.10.14"]
[SourceQuality "1"]

1. d4 Nf6 2. c4 e6 3. Nc3 d5 4. cxd5 exd5 5. Bg5 Be7 6. e3 0-0 7. Qc2 Re8 8. Bd3 h6 9. Bh4 c5 10. dxc5 d4 11. exd4 Bxc5+ 12. Nge2 Bxd4 13. 0-0 Bb6 14. Rad1 Nbd7 15. Rfe1 Qc7 16. Bg3 Qc5 17. Na4 Qxc2 18. Bxc2 Nc5 19. Nxb6 axb6 20. a3 Bg4 21. f3 Be6 22. Nd4 Rac8 23. Nb5 Bc4 24. Nd6 Rxe1+ 25. Rxe1 Bd3 26. Nxc8 Bxc2 27. Nxb6 Nd3 28. Re2 Bb3 29. Rd2 Nc5 30. Bd6 Ne6 31. g3 g5 32. f4 Ne4 33. Rd3 Bc2 34. Rd5 Bb3 35. Rb5 Nxd6 36. Rxb3 gxf4 37. gxf4 Nxf4 38. Nd7 f5 39. Nc5 Ne2+ 40. Kf2 Nf4 41. Nxb7 Ne4+ 42. Ke3 Ng2+ 43. Kd4 Nd2 44. Rg3+ 1-0

[Event "Titled Tuesday intern op 10th Oct Early"]
[Site "Chess.com INT"]
[Date "2023.10.10"]
[Round "10"]
[White "Rozhkov, Viacheslav"]
[Black "Kheerthi, Ganta"]
[Result "0-1"]
[WhiteElo "2145"]
[BlackElo "2030"]
[PlyCount "56"]
[EventDate "2023.10.10"]
[EventType "swiss (blitz)"]
[EventRounds "11"]
[EventCountry "USA"]
[SourceTitle "EXT 2025"]
[Source "ChessBase"]
[SourceDate "2024.10.14"]
[SourceVersion "1"]
[SourceVersionDate "2024.10.14"]
[SourceQuality "1"]

1. e4 c6 2. d3 d5 3. Nd2 e5 4. Ngf3 Bd6 5. d4 Nd7 6. exd5 cxd5 7. dxe5 Nxe5 8. Nxe5 Bxe5 9. Nf3 Bf6 10. Bb5+ Bd7 11. Qe2+ Ne7 12. 0-0 0-0 13. c3 a6 14. Bxd7 Qxd7 15. Bf4 Rad8 16. Rad1 Rfe8 17. Qc2 Ng6 18. Bg3 Qc6 19. Qf5 Qc4 20. a3 d4 21. cxd4 Bxd4 22. Nxd4 Rxd4 23. h3 Rxd1 24. Rxd1 Qb3 25. Rd7 h6 26. Kh2 Nf8 27. Be5 Nxd7 28. Bc3 Qe6 0-1

[Event "Titled Tuesday intern op 10th Oct Early"]
[Site "Chess.com INT"]
[Date "2023.10.10"]
[Round "8"]
[White "Vedder, Richard"]
[Black "Kheerthi, Ganta"]
[Result "0-1"]
[WhiteElo "2262"]
[BlackElo "2030"]
[PlyCount "76"]
[EventDate "2023.10.10"]
[EventType "swiss (blitz)"]
[EventRounds "11"]
[EventCountry "USA"]
[SourceTitle "EXT 2025"]
[Source "ChessBase"]
[SourceDate "2024.10.14"]
[SourceVersion "1"]
[SourceVersionDate "2024.10.14"]
[SourceQuality "1"]

1. d4 d5 2. c4 c6 3. Nc3 Nf6 4. e3 e6 5. Nf3 Nbd7 6. Be2 Bd6 7. 0-0 0-0 8. Qc2 b6 9. e4 dxe4 10. Nxe4 Nxe4 11. Qxe4 Bb7 12. Bg5 Nf6 13. Qh4 Be7 14. Rad1 h6 15. Bc1 Qc7 16. Ne5 Rfd8 17. f4 c5 18. dxc5 Bxc5+ 19. Kh1 Rxd1 20. Rxd1 Rd8 21. Qe1 a5 22. Bf3 Bxf3 23. Nxf3 Rxd1 24. Qxd1 Ng4 25. Qe2 Nf2+ 26. Kg1 Nd3+ 27. Be3 Qxf4 28. Bxc5 Nxc5 29. g3 Qc1+ 30. Kg2 Qb1 31. b3 a4 32. bxa4 Nxa4 33. Ne5 Nc3 34. Qf3 Qc2+ 35. Kh3 f6 36. Nd7 Ne4 37. Qf4 Ng5+ 38. Kh4 Qxh2+ 0-1